रामचरितमानस संक्रमित समाज और सामाजिक पुनर्गठन / (Record no. 14338)
[ view plain ]
| 000 -LEADER | |
|---|---|
| fixed length control field | 01259nam a22002537a 4500 |
| 005 - DATE AND TIME OF LATEST TRANSACTION | |
| control field | 20080709113244.0 |
| 006 - FIXED-LENGTH DATA ELEMENTS--ADDITIONAL MATERIAL CHARACTERISTICS--GENERAL INFORMATION | |
| fixed length control field | a|||||r|||||00| 0 |
| 008 - FIXED-LENGTH DATA ELEMENTS--GENERAL INFORMATION | |
| fixed length control field | 080709t xxu||||| |||| 00| 0 hin d |
| 010 ## - LIBRARY OF CONGRESS CONTROL NUMBER | |
| LC control number | HIN-83802 |
| 020 ## - INTERNATIONAL STANDARD BOOK NUMBER | |
| Terms of availability | 80.00 |
| 035 ## - SYSTEM CONTROL NUMBER | |
| System control number | HN-56148 |
| 037 ## - SOURCE OF ACQUISITION | |
| Source of stock number/acquisition | DBAD / PUB |
| 040 ## - CATALOGING SOURCE | |
| Original cataloging agency | DPL |
| Language of cataloging | HN |
| 082 ## - DEWEY DECIMAL CLASSIFICATION NUMBER | |
| Classification number | 821.08 |
| 100 ## - MAIN ENTRY--PERSONAL NAME | |
| Personal name | गुप्ता, विश्वम्भरदयाल |
| 245 ## - TITLE STATEMENT | |
| Title | रामचरितमानस संक्रमित समाज और सामाजिक पुनर्गठन / |
| Statement of responsibility, etc | विश्वम्भरदयाल गुप्ता |
| 246 ## - VARYING FORM OF TITLE | |
| Title proper/short title | Ramcharitmanas sankrmit samaj aur samajik punargathan |
| Remainder of title | by Vishvambhardayal Gupta |
| 260 ## - PUBLICATION, DISTRIBUTION, ETC. (IMPRINT) | |
| Place of publication, distribution, etc | हाथरस |
| Name of publisher, distributor, etc | सीता प्रकाशन |
| Date of publication, distribution, etc | 2006 |
| 270 ## - ADDRESS | |
| Address | मोतीबाजार |
| City | हाथरस |
| Postal code | 204101 |
| 300 ## - PHYSICAL DESCRIPTION | |
| Extent | 67पृ |
| Dimensions | 22सेमी(सजिल्द) |
| 650 ## - SUBJECT ADDED ENTRY--TOPICAL TERM | |
| Topical term or geographic name as entry element | Poetic Criticism |
| 942 ## - ADDED ENTRY ELEMENTS (KOHA) | |
| Source of classification or shelving scheme | Dewey Decimal Classification |
| Koha item type | Hindi Books |
| Classification part | 821.08 |
| Call number suffix | गुप्तावि |
| Withdrawn status | Lost status | Damaged status | Not for loan | Collection code | Home library | Current library | Date acquired | Source of acquisition | Cost, normal purchase price | Total Checkouts | Full call number | Barcode | Date last seen | Copy number | Cost, replacement price | Price effective from | Koha item type |
|---|---|---|---|---|---|---|---|---|---|---|---|---|---|---|---|---|---|
| Not For Loan | Non-fiction | D.B.Act.Division | D.B.Act.Division | 09/07/2008 | पु.प्र.अ.प्र /प्रका | 80.00 | 821.08 गुप्तावि | HN-56148 | 15/09/2008 | 1 | 80.00 | 15/09/2008 | Hindi Books |
